|
|
|
|
| LEADER |
01220nam a2200337 4500 |
| 001 |
000006908 |
| 003 |
3068 |
| 005 |
20110927140900.0 |
| 008 |
110923s2001 viesd |
| 020 |
|
|
|c 39000
|
| 041 |
0 |
|
|a vie
|
| 082 |
|
|
|a 181.11
|b TR-T
|
| 100 |
0 |
|
|a Trang Tử
|
| 245 |
|
0 |
|a Nam Hoa kinh
|c Trang Tử ; Bản dịch và lời bàn của Nhượng Tống ; Tựa, tổng luận và lời giải của Lâm Tây Trọng
|
| 260 |
|
|
|a H.
|b Văn học
|b Trung tâm văn hoá ngôn ngữ Đông Tây
|c 2001
|
| 300 |
|
|
|a 341 tr
|c 21 cm
|
| 653 |
|
|
|a Triết học cổ đại
|
| 653 |
|
|
|a Trung Quốc
|
| 653 |
|
|
|a Trang Tử (369-298 trước công nguyên)
|
| 700 |
|
|
|a Nhượng Tống
|e dịch
|
| 910 |
|
|
|a Nguyễn Thị Kim Oanh
|d 23/09/2011
|
| OWN |
|
|
|a LSP
|
| AVA |
|
|
|a UDN50
|b LSP
|d 181.11 TR-T
|e available
|t Error 5001 Not defined in file expand_doc_bib_avail.
|f 4
|g 0
|h N
|i 0
|k 1
|
| 999 |
|
|
|a From the UDN01
|
| AVA |
|
|
|a UDN50
|b LSP
|d 181.11 TR-T
|e available
|t Error 5001 Not defined in file expand_doc_bib_avail.
|f 4
|g 0
|h N
|i 0
|k 1
|
| TYP |
|
|
|a Monograph
|
| TYP |
|
|
|a Printed language
|
| 980 |
|
|
|a Mạng thư viện Đại học Đà Nẵng
|